| 000 | 00657nam a22001577a 4500 | ||
|---|---|---|---|
| 003 | OSt | ||
| 005 | 20150911100810.0 | ||
| 008 | 150911b xxu||||| |||| 00| 0 eng d | ||
| 040 | _cRUA | ||
| 082 | _aAGR គាម 1995 B014 Or.1 | ||
| 100 |
_9282 _aគាម មករាឌី |
||
| 245 | _aកត្តាសំខាន់ៗជាមូលដ្ឋានគ្រឹះដែលមានឥទ្ធិពលលើដំណោះស្រាយបន្ទាន់ដើម្បីបង្កើនទិន្នផលស្រូវនៅកម្ពុជា | ||
| 260 |
_aPhnom Penh _bRUA _c1995 |
||
| 300 |
_a92p. _bill. _c29cm. |
||
| 942 |
_2ddc _cAGR |
||
| 999 |
_c262 _d262 |
||